[Event "BL 1819 SG Turm Kiel - SV Mülheim Nord"]
[Site "?"]
[Date "2019.03.02"]
[Round "10.4"]
[White "Hector, Jonny"]
[Black "Beerdsen, Thomas"]
[Result "0-1"]
[WhiteElo "2468"]
[BlackElo "2476"]
[PlyCount "170"]
[EventDate "2019.??.??"]

1. e4 c5 2. Nf3 e6 3. d4 cxd4 4. Nxd4 Nc6 5. Nc3 Qc7 6. f4 a6 7. Nxc6 Qxc6 8.
Bd3 b5 9. e5 Bb4 10. O-O Bb7 11. Be4 Qb6+ 12. Kh1 Bxc3 13. Bxb7 Qxb7 14. bxc3
Nh6 15. Ba3 Nf5 16. Rf3 h5 17. Qd3 Qc6 18. Rd1 Rh6 19. Rh3 Rc8 20. Qf3 Qxf3 21.
Rxf3 Rh8 22. Rfd3 d5 23. exd6 Kd7 24. g3 Rc4 25. Bb4 Ra8 26. Rb1 a5 27. Ba3 Rb8
28. Kg2 b4 29. Bc1 Rb6 30. a3 Rxd6 31. axb4 axb4 32. Rxd6+ Kxd6 33. cxb4 Rxc2+
34. Kh3 Kc6 35. b5+ Kb6 36. Bb2 f6 37. Ba1 Re2 38. Rb3 Rd2 39. Bc3 Rd5 40. Rb1
Rc5 41. Ba1 Rc8 42. Re1 Re8 43. Rb1 Ra8 44. Bc3 Ra3 45. Be1 Ra2 46. Bc3 Re2 47.
Rb2 Rxb2 48. Bxb2 Kxb5 49. g4 hxg4+ 50. Kxg4 Kc6 51. Kh5 Ne7 52. Ba3 Kd7 53. h4
Ke8 54. Kg4 Kf7 55. h5 Nf5 56. Bc5 Kg8 57. Ba3 Kh7 58. Bc5 Kh6 59. Bf8 Ne3+ 60.
Kf3 Nf5 61. Kg4 Nd4 62. Bc5 f5+ 63. Kh4 Nf3+ 64. Kg3 Nd2 65. Bb4 Ne4+ 66. Kh4
Nf6 67. Bd2 Nxh5 68. Bc1 Nf6 69. Bd2 Kg6 70. Bc1 Nd5 71. Bd2 Kf6 72. Bc1 Nb4
73. Bb2+ Kg6 74. Be5 Nd3 75. Bc7 Kf6 76. Bd8+ Kf7 77. Kg5 Ne1 78. Bc7 Nf3+ 79.
Kh5 e5 80. fxe5 g6+ 81. Kh6 g5 82. e6+ Kxe6 83. Kg6 g4 84. Bb8 Nd4 85. Kg5 Ne2
0-1

[Event "BL 1819 SG Turm Kiel - SV Mülheim Nord"]
[Site "?"]
[Date "2019.03.02"]
[Round "10.6"]
[White "Stopa, Jacek"]
[Black "Hausrath, Daniel"]
[Result "1/2-1/2"]
[WhiteElo "2431"]
[BlackElo "2470"]
[PlyCount "65"]
[EventDate "2019.??.??"]

1. d4 d6 2. e4 Nf6 3. Bd3 g6 4. Nf3 Bg7 5. O-O O-O 6. c3 Nc6 7. a4 e5 8. dxe5
Nxe5 9. Nxe5 dxe5 10. a5 Be6 11. Qe2 Nh5 12. g3 Qd7 13. Rd1 Rad8 14. Bc2 Qc6
15. Be3 Rxd1+ 16. Qxd1 a6 17. Nd2 Rd8 18. Ba4 Qd6 19. Bb3 Nf6 20. Bxe6 Qxe6 21.
f3 Bf8 22. Qe2 Ne8 23. Qc4 Qd7 24. Nf1 Kg7 25. Kg2 Be7 26. Qb3 Qc6 27. Bf2 Rd3
28. Qc2 Rd7 29. Ne3 Qe6 30. Rd1 Rxd1 31. Qxd1 c6 32. Ng4 Nf6 33. Nxf6 1/2-1/2

[Event "BL 1819 SG Turm Kiel - SV Mülheim Nord"]
[Site "?"]
[Date "2019.03.02"]
[Round "10.7"]
[White "Zelbel, Patrick"]
[Black "Hoi, Carsten"]
[Result "1-0"]
[WhiteElo "2439"]
[BlackElo "2359"]
[PlyCount "61"]
[EventDate "2019.??.??"]

1. e4 g6 2. d4 Bg7 3. Nc3 d6 4. Be3 Nf6 5. f3 O-O 6. Qd2 e5 7. O-O-O Nc6 8. d5
Nd4 9. Nge2 c5 10. dxc6 bxc6 11. Nxd4 exd4 12. Bxd4 Be6 13. Na4 c5 14. Bc3 Qe7
15. g4 Rfd8 16. g5 Nh5 17. Bxg7 Nxg7 18. c4 Rab8 19. h4 Qc7 20. Nc3 a6 21. f4
Qb7 22. h5 Bg4 23. Be2 Bxe2 24. Qxe2 Nxh5 25. Rxh5 gxh5 26. Nd5 Kf8 27. b3 Qd7
28. Qxh5 Qe6 29. Qxh7 Qg6 30. Qh8+ Qg8 31. Qxg8+ 1-0

[Event "BL 1819 SG Turm Kiel - SV Mülheim Nord"]
[Site "?"]
[Date "2019.03.02"]
[Round "10.8"]
[White "Olsen, Filip Boe"]
[Black "Buckels, Valentin"]
[Result "1/2-1/2"]
[WhiteElo "2423"]
[BlackElo "2458"]
[PlyCount "73"]
[EventDate "2019.??.??"]

1. d4 Nf6 2. c4 e6 3. Nc3 Bb4 4. Qc2 O-O 5. Nf3 d6 6. Bd2 Nbd7 7. a3 Bxc3 8.
Bxc3 b6 9. e4 c5 10. Be2 Bb7 11. Nd2 Rc8 12. O-O b5 13. dxc5 Nxc5 14. f3 d5 15.
cxd5 exd5 16. e5 d4 17. exf6 Qxf6 18. Kh1 dxc3 19. Qxc3 Qxc3 20. bxc3 Rfd8 21.
Rad1 a6 22. c4 Na4 23. Nb3 Re8 24. Na5 Ba8 25. Rd2 Nc3 26. Bd3 Rcd8 27. h3 bxc4
28. Nxc4 Bd5 29. Rc1 Nb5 30. Nb6 Be6 31. Bxb5 axb5 32. Rxd8 Rxd8 33. Rb1 Rd3
34. a4 bxa4 35. Nxa4 g6 36. Nc5 Rd6 37. Nxe6 1/2-1/2

[Event "BL 1819 Hamburger SK - SV Werder Bremen"]
[Site "?"]
[Date "2019.03.02"]
[Round "10.1"]
[White "McShane, Luke J"]
[Black "Grandelius, Nils"]
[Result "1-0"]
[WhiteElo "2661"]
[BlackElo "2694"]
[PlyCount "115"]
[EventDate "2019.??.??"]

1. e4 c5 2. Nf3 d6 3. Bb5+ Nd7 4. d4 cxd4 5. Qxd4 a6 6. Bxd7+ Bxd7 7. Nc3 Rc8
8. O-O e5 9. Qd3 h6 10. Nd2 Qc7 11. Rd1 Nf6 12. Nf1 Bg4 13. f3 Be6 14. Ne3 Be7
15. Bd2 O-O 16. Kh1 Rfe8 17. a4 Qc5 18. Be1 Bd8 19. Bf2 Qb4 20. Rab1 Ba5 21.
Bh4 g5 22. Be1 Bc4 23. Ncd5 Nxd5 24. Bxb4 Bxd3 25. Nxd5 Bxc2 26. Bxa5 Kg7 27.
Bc3 Bxb1 28. Rxb1 Rc6 29. g4 f6 30. Kg2 Kf7 31. h4 gxh4 32. Rh1 Rg8 33. Rxh4
Rg6 34. Kf2 Rc4 35. a5 Rc8 36. Rh1 Rh8 37. Bd2 Rc8 38. Ke2 Ke6 39. Kd3 Rh8 40.
Rh5 Rh7 41. Be3 Rh8 42. Kd2 Rh7 43. Ke1 Rh8 44. Kf2 Kf7 45. Kg3 Rc8 46. Rxh6
Rxh6 47. Bxh6 Rc2 48. b4 Rc8 49. Be3 Ke6 50. Kg2 Rg8 51. Bb6 Rc8 52. Kg3 Rh8
53. f4 exf4+ 54. Kxf4 Rh1 55. Bd4 Rf1+ 56. Kg3 Re1 57. Kf3 Rf1+ 58. Ke2 1-0

[Event "BL 1819 Hamburger SK - SV Werder Bremen"]
[Site "?"]
[Date "2019.03.02"]
[Round "10.2"]
[White "Svane, Rasmus"]
[Black "Efimenko, Zahar"]
[Result "1/2-1/2"]
[WhiteElo "2610"]
[BlackElo "2638"]
[PlyCount "97"]
[EventDate "2019.??.??"]

1. d4 d6 2. g3 g6 3. Bg2 Bg7 4. Nf3 Nf6 5. c4 c6 6. O-O O-O 7. Nc3 Bf5 8. Ng5
d5 9. Qb3 Qb6 10. cxd5 Qxb3 11. axb3 cxd5 12. Nxd5 Nxd5 13. Bxd5 Nc6 14. e3 h6
15. Ne4 Rfd8 16. Nc3 e5 17. dxe5 Bxe5 18. e4 Bh3 19. Rd1 Bg4 20. Rd3 Nb4 21.
Rd2 Nxd5 22. Rxd5 Rxd5 23. exd5 Bf3 24. Bxh6 Bxc3 25. bxc3 Bxd5 26. b4 Bf3 27.
Be3 a6 28. h3 f5 29. Kf1 Rd8 30. Bd4 Re8 31. Ra2 Bd5 32. Ra5 Bf3 33. Be3 Rd8
34. Bd4 Re8 35. Ra3 Kf7 36. Ra2 Bd5 37. Rd2 Bc4+ 38. Kg2 Re2 39. Rxe2 Bxe2 40.
f3 Bc4 41. g4 fxg4 42. hxg4 g5 43. Kf2 Kg6 44. Bb6 Bb5 45. Ke3 Bc4 46. Bd8 Bd5
47. Be7 b5 48. f4 gxf4+ 49. Kxf4 1/2-1/2

[Event "BL 1819 Hamburger SK - SV Werder Bremen"]
[Site "?"]
[Date "2019.03.02"]
[Round "10.3"]
[White "Edouard, Romain"]
[Black "Huschenbeth, Niclas"]
[Result "1-0"]
[WhiteElo "2658"]
[BlackElo "2594"]
[PlyCount "81"]
[EventDate "2019.??.??"]

1. c4 e6 2. Nf3 d5 3. d4 Nf6 4. Nc3 dxc4 5. Bg5 a6 6. a4 Bb4 7. e3 h6 8. Bh4 g5
9. Bg3 Ne4 10. Qc2 Nxg3 11. hxg3 Nc6 12. Bxc4 Bd7 13. O-O-O Bxc3 14. Qxc3 Qf6
15. Nd2 Ne7 16. Ne4 Qg7 17. Nc5 Bc6 18. e4 b6 19. Nxa6 O-O 20. Qb4 Ng6 21. d5
exd5 22. exd5 Bd7 23. Bb5 Ne5 24. f4 Bxb5 25. axb5 Nd7 26. Qc3 Qg6 27. Qc2 Qf6
28. Qc6 Qxc6+ 29. dxc6 Nc5 30. Nxc7 Ra4 31. Kb1 Kg7 32. Nd5 Ra5 33. Ne7 Ne6 34.
f5 Nc7 35. Rd6 Rfa8 36. f6+ Kh7 37. Rdd1 g4 38. Rh5 Nxb5 39. Rxb5 Rxb5 40. c7
Rc5 41. Rd8 1-0

[Event "BL 1819 Hamburger SK - SV Werder Bremen"]
[Site "?"]
[Date "2019.03.02"]
[Round "10.5"]
[White "Babula, Vlastimil"]
[Black "Lampert, Jonas"]
[Result "1/2-1/2"]
[WhiteElo "2551"]
[BlackElo "2544"]
[PlyCount "54"]
[EventDate "2019.??.??"]

1. d4 d5 2. c4 c6 3. Nf3 e6 4. e3 Bd6 5. b3 Nf6 6. Bb2 b6 7. Bd3 Bb7 8. O-O O-O
9. Nbd2 Nbd7 10. Ne5 c5 11. Qc2 cxd4 12. exd4 Rc8 13. Rad1 Qe7 14. Qb1 Rfd8 15.
f4 Nf8 16. h3 Nh5 17. f5 Bxe5 18. dxe5 dxc4 19. Bxc4 Bxg2 20. f6 Qb7 21. Rf2
Bxh3 22. Be2 Nf4 23. Bf3 Qa6 24. Be4 N8g6 25. Kh2 Bf5 26. Bxf5 exf5 27. Nc4
Rxd1 1/2-1/2

[Event "BL 1819 Hamburger SK - SV Werder Bremen"]
[Site "?"]
[Date "2019.03.02"]
[Round "10.6"]
[White "Ernst, Sipke"]
[Black "Werle, Jan"]
[Result "1/2-1/2"]
[WhiteElo "2533"]
[BlackElo "2552"]
[PlyCount "128"]
[EventDate "2019.??.??"]

1. Nf3 d5 2. d4 Nf6 3. Bf4 e6 4. e3 Bd6 5. Nbd2 O-O 6. Bd3 b6 7. Ne5 c5 8. Qf3
Ba6 9. Bxa6 Nxa6 10. c3 Rc8 11. h4 Be7 12. h5 Nd7 13. Qg4 f5 14. Qg3 Nxe5 15.
Bxe5 Bf6 16. Nf3 Nb8 17. h6 g6 18. Bxf6 Qxf6 19. Ne5 f4 20. exf4 Qxf4 21. Qxf4
Rxf4 22. O-O Kf8 23. g3 Re4 24. Nf3 Rg4 25. Kg2 Nd7 26. Rae1 Ke7 27. Re2 Nf6
28. Ne5 Re4 29. Rd2 Rf8 30. f3 Re3 31. Nc6+ Kd7 32. Ne5+ Kc7 33. Nd3 c4 34. Ne1
g5 35. Nc2 Rd3 36. Re2 a5 37. Rxe6 b5 38. Re7+ Kd6 39. Re2 b4 40. cxb4 axb4 41.
Nxb4 Rxd4 42. Rfe1 g4 43. Re6+ Kc5 44. Na6+ Kb5 45. Nc7+ Kc5 46. fxg4 Rd2+ 47.
R6e2 Rxe2+ 48. Rxe2 Kd6 49. Ne6 Rg8 50. Ng7 Nxg4 51. Nf5+ Kc5 52. Kf3 Nf6 53.
Re6 Ne4 54. Re7 Rb8 55. Kf4 Rxb2 56. Rxh7 Rh2 57. Rh8 c3 58. h7 c2 59. Rc8+ Kb4
60. Ne3 Rxh7 61. Nxd5+ Ka3 62. Kxe4 Kb2 63. Nf4 Re7+ 64. Kd4 Rd7+ 1/2-1/2

[Event "BL 1819 Hamburger SK - SV Werder Bremen"]
[Site "?"]
[Date "2019.03.02"]
[Round "10.8"]
[White "Sebastian, Dirk"]
[Black "Zumsande, Martin"]
[Result "1-0"]
[WhiteElo "2447"]
[BlackElo "2468"]
[PlyCount "105"]
[EventDate "2019.??.??"]

1. e4 e6 2. d4 d5 3. Nd2 Be7 4. Ngf3 Nf6 5. e5 Nfd7 6. c3 c5 7. Bd3 Nc6 8. O-O
a5 9. a4 cxd4 10. cxd4 Nb4 11. Be2 O-O 12. Nb1 f6 13. exf6 Nxf6 14. Nc3 Bd6 15.
Bg5 Bd7 16. Bh4 Be8 17. Ne5 Qb6 18. Bg3 Rd8 19. Re1 Bxe5 20. dxe5 Nd7 21. Nb5
Nc5 22. Rc1 Bxb5 23. Bxb5 Ne4 24. Qe2 Nxg3 25. hxg3 Rf7 26. Rcd1 Rc8 27. Rd2
Rfc7 28. Qe3 Qxe3 29. Rxe3 Rc1+ 30. Kh2 Kf7 31. Rd4 Ke7 32. Rg4 g6 33. Rh4 h5
34. g4 d4 35. Rf3 Rh8 36. g5 Rd1 37. Rhf4 Kd8 38. Rf6 Kc8 39. Rxe6 Rd8 40. Rd6
d3 41. Rff6 Re1 42. f4 Re4 43. Rxd8+ Kxd8 44. Rd6+ Ke7 45. g3 Re2+ 46. Kh3 Rxb2
47. f5 gxf5 48. g6 Kf8 49. Rd7 Rc2 50. e6 Nc6 51. Bxc6 Rxc6 52. g7+ Kg8 53. e7
1-0

[Event "BL 1819 SV 1920 Hofheim - Düsseldorfer"]
[Site "?"]
[Date "2019.03.02"]
[Round "10.1"]
[White "Demchenko, Anton"]
[Black "Volokitin, Andrei"]
[Result "1/2-1/2"]
[WhiteElo "2678"]
[BlackElo "2635"]
[PlyCount "41"]
[EventDate "2019.??.??"]

1. e4 c5 2. Nf3 d6 3. d4 cxd4 4. Qxd4 Nc6 5. Qe3 g6 6. Be2 Nf6 7. O-O Bg7 8.
Rd1 O-O 9. h3 Be6 10. Nc3 Rc8 11. Rb1 Qc7 12. a3 a6 13. Nd5 Bxd5 14. exd5 Na5
15. c3 b5 16. Qd3 Qc4 17. Bg5 Qxd3 18. Bxd3 Nc4 19. Bxf6 Bxf6 20. Ne1 a5 21.
Be2 1/2-1/2

[Event "BL 1819 SV 1920 Hofheim - Düsseldorfer"]
[Site "?"]
[Date "2019.03.02"]
[Round "10.2"]
[White "Schroeder, Jan-Christian"]
[Black "Alekseev, Evgeny"]
[Result "0-1"]
[WhiteElo "2581"]
[BlackElo "2640"]
[PlyCount "124"]
[EventDate "2019.??.??"]

1. e4 e5 2. Nf3 Nc6 3. Bc4 Bc5 4. O-O Nf6 5. d3 d6 6. c3 a6 7. a4 Ba7 8. Re1 h6
9. a5 O-O 10. h3 Ne7 11. d4 Ng6 12. Bd3 Re8 13. Nbd2 Nh7 14. Nc4 Ng5 15. Nxg5
hxg5 16. Be3 Be6 17. Bf1 exd4 18. Bxd4 Bxd4 19. cxd4 d5 20. exd5 Qxd5 21. Ne3
Qd6 22. d5 Bd7 23. Qh5 Re5 24. Nc4 Rxe1 25. Rxe1 Qf6 26. d6 Rc8 27. Bd3 cxd6
28. Qd1 Rd8 29. Bxg6 Qxg6 30. Qxd6 Qxd6 31. Nxd6 Bc6 32. Nc4 f6 33. f3 Rd3 34.
Rc1 Rb3 35. Rc3 Rxc3 36. bxc3 Kf7 37. Kf2 Ke6 38. Ne3 f5 39. Ke2 f4 40. Nc2
Bb5+ 41. Kf2 Kd5 42. Na3 Kc5 43. g3 b6 44. gxf4 gxf4 45. axb6 Kxb6 46. h4 Kc5
47. Ke1 Bd3 48. Kd2 Bg6 49. Ke2 a5 50. Kd2 a4 51. Ke2 Bh5 52. Kf2 Be8 53. Ke1
Bc6 54. Ke2 Kd5 55. Kd3 Kc5 56. Ke2 Ba8 57. Kf2 Bb7 58. Ke2 Bc6 59. Kf2 Kd5 60.
Ke2 Ke6 61. Nc2 Kf6 62. Nb4 a3 0-1

[Event "BL 1819 SV 1920 Hofheim - Düsseldorfer"]
[Site "?"]
[Date "2019.03.02"]
[Round "10.4"]
[White "Ginsburg, Gennadi"]
[Black "Orlov, Andrey"]
[Result "0-1"]
[WhiteElo "2423"]
[BlackElo "2498"]
[PlyCount "108"]
[EventDate "2019.??.??"]

1. e4 d6 2. d4 g6 3. Nc3 Bg7 4. Bg5 a6 5. f4 b5 6. Nf3 Bb7 7. Bd3 Nd7 8. e5 Nb6
9. Qe2 Qd7 10. O-O Nh6 11. Rae1 O-O 12. Bxh6 Bxh6 13. f5 dxe5 14. dxe5 e6 15.
Be4 Nd5 16. f6 Nxc3 17. bxc3 Bxe4 18. Qxe4 Rfd8 19. Nd4 Qd5 20. Nc6 Qxe4 21.
Rxe4 Rd2 22. Rf3 Bf8 23. Rd3 Bc5+ 24. Kf1 Rf2+ 25. Ke1 Rxg2 26. Rd7 Rf8 27. Re2
Rg1+ 28. Kd2 h5 29. c4 g5 30. Nd8 Rg4 31. cxb5 axb5 32. c3 h4 33. Kd1 h3 34.
Red2 Rg2 35. R2d3 g4 36. Nxe6 Ra8 37. Rd8+ Rxd8 38. Rxd8+ Kh7 39. Nxc5 g3 40.
Rd4 gxh2 41. Rh4+ Kg6 42. Rxh3 Rg1+ 43. Kc2 h1=Q 44. Rxh1 Rxh1 45. e6 Kxf6 46.
exf7 Kxf7 47. Na6 c6 48. Nb8 Rh6 49. Kb3 Ke7 50. a4 bxa4+ 51. Kxa4 Rh4+ 52. Kb3
Kd6 53. Na6 c5 54. c4 Ke5 0-1

[Event "BL 1819 SV 1920 Hofheim - Düsseldorfer"]
[Site "?"]
[Date "2019.03.02"]
[Round "10.6"]
[White "Lobzhanidze, Davit"]
[Black "Schuh, Dirk"]
[Result "1/2-1/2"]
[WhiteElo "2420"]
[BlackElo "2383"]
[PlyCount "92"]
[EventDate "2019.??.??"]

1. e4 Nf6 2. e5 Nd5 3. d4 d6 4. c4 Nb6 5. exd6 cxd6 6. Nc3 g6 7. Be3 Bg7 8. Rc1
O-O 9. b3 Bf5 10. Nge2 d5 11. c5 Nc8 12. g3 Bg4 13. Bg2 Bxe2 14. Nxe2 Nc6 15.
Qd2 e6 16. Bh6 Bxh6 17. Qxh6 Qf6 18. Qd2 N8e7 19. O-O b6 20. cxb6 axb6 21. a4
Rfb8 22. Ra1 Nf5 23. Rfd1 Qe7 24. Bh3 Nd6 25. Rdc1 Ne4 26. Qe3 Rc8 27. Bg2 Nd6
28. Qd2 b5 29. axb5 Rxa1 30. Rxa1 Nxb5 31. Rc1 Rc7 32. Kf1 Qa3 33. Qe3 Na5 34.
Rxc7 Nxc7 35. Bf3 Qxb3 36. Qf4 Nc4 37. Kg2 Qb6 38. h4 Qd6 39. Qf6 Ne8 40. Qg5
f6 41. Qc1 Qb6 42. Qa1 Nc7 43. Qa4 Qb5 44. Qa7 Qb6 45. Qa4 Qb5 46. Qa7 Qb6
1/2-1/2

[Event "BL 1819 SV 1920 Hofheim - Düsseldorfer"]
[Site "?"]
[Date "2019.03.02"]
[Round "10.7"]
[White "Stark, Lars"]
[Black "Gurevich, Vladimir"]
[Result "1/2-1/2"]
[WhiteElo "2366"]
[BlackElo "2472"]
[PlyCount "58"]
[EventDate "2019.??.??"]

1. c4 e5 2. g3 Nf6 3. Bg2 d5 4. cxd5 Nxd5 5. Nf3 Nc6 6. O-O Nb6 7. b3 Be7 8.
Bb2 f6 9. Nc3 O-O 10. Rc1 Be6 11. d3 Qd7 12. Ne4 Rad8 13. Qc2 Nd5 14. Rfd1 Ndb4
15. Qb1 Nd4 16. Bxd4 exd4 17. a3 Na6 18. b4 c6 19. Nfd2 f5 20. Nc5 Nxc5 21.
bxc5 Rb8 22. Qc2 Rfe8 23. Rb1 Bd5 24. Nf3 Bf6 25. Rb4 b5 26. cxb6 axb6 27. a4
c5 28. Rb2 Bc6 29. a5 bxa5 1/2-1/2

[Event "BL 1819 SV 1920 Hofheim - Düsseldorfer"]
[Site "?"]
[Date "2019.03.02"]
[Round "10.8"]
[White "Margolin, Boris"]
[Black "Coenen, Michael"]
[Result "1-0"]
[WhiteElo "2395"]
[BlackElo "2355"]
[PlyCount "111"]
[EventDate "2019.??.??"]

1. e4 e5 2. Nf3 Nf6 3. Nxe5 d6 4. Nd3 Nxe4 5. Qe2 Qe7 6. Nf4 Nf6 7. b3 Bf5 8.
Na3 c6 9. Nc4 Qxe2+ 10. Bxe2 d5 11. Ne3 Bg6 12. Bb2 Bd6 13. Nxg6 hxg6 14. O-O-O
Nbd7 15. h4 O-O-O 16. g3 Rde8 17. Bf3 Be5 18. Ba3 Bc7 19. Bg2 Ne4 20. Rdf1 Bd6
21. Bb2 Be5 22. c3 Ndf6 23. Kc2 Bc7 24. Nd1 Kb8 25. Bf3 Bb6 26. d3 Nd6 27. Re1
Kc8 28. Ba3 Kd7 29. Rxe8 Rxe8 30. g4 Rh8 31. Bc1 Ng8 32. c4 dxc4 33. dxc4 Nf6
34. Bb2 Rh7 35. h5 gxh5 36. gxh5 Nde4 37. Re1 Ng5 38. Bxf6 Nxf3 39. Re7+ Kc8
40. Rxf7 Rxh5 41. Bxg7 Nh4 42. Kd3 Nf5 43. Be5 Nh6 44. Rf8+ Kd7 45. Bf4 Ng4 46.
Bg3 Rh7 47. Rf4 Rg7 48. Nc3 Ke6 49. Ne4 Ne5+ 50. Ke2 Nd7 51. Rh4 Nc5 52. Rh6+
Kd7 53. Nf6+ Ke7 54. Bd6+ Kf7 55. Nh5 Rg4 56. Rf6+ 1-0

[Event "BL 1819 MSA Zugzwang - SF Berlin"]
[Site "?"]
[Date "2019.03.02"]
[Round "10.1"]
[White "Piorun, Kacper"]
[Black "Mons, Leon"]
[Result "1/2-1/2"]
[WhiteElo "2631"]
[BlackElo "2550"]
[PlyCount "104"]
[EventDate "2019.??.??"]

1. e4 e5 2. Nf3 Nc6 3. Bc4 Bc5 4. c3 Nf6 5. d3 d6 6. a4 a5 7. O-O O-O 8. Bg5 h6
9. Bh4 g5 10. Bg3 Ba7 11. Na3 Ne7 12. Re1 Ng6 13. d4 Qe7 14. Nc2 c6 15. Bd3 h5
16. h3 h4 17. Bh2 g4 18. hxg4 Nxg4 19. Ne3 Nxe3 20. Rxe3 Kg7 21. Qd2 h3 22. Bf1
hxg2 23. Bxg2 Rh8 24. Bg3 Bg4 25. Rd3 Rh5 26. Nh2 Be6 27. f4 exf4 28. Bxf4 Rah8
29. Rg3 Rxh2 30. Rxg6+ fxg6 31. Bxh2 c5 32. Bg3 Bh3 33. Rd1 cxd4 34. cxd4 Bxg2
35. Qxg2 Re8 36. Qf3 Qxe4 37. Qxe4 Rxe4 38. Bxd6 Kf6 39. Bc5 Bxc5 40. dxc5 Rxa4
41. Rd6+ Kf5 42. c6 bxc6 43. Rxc6 Ra2 44. Rc5+ Kf4 45. Rc4+ Kf3 46. b4 a4 47.
b5 a3 48. Rc3+ Ke4 49. b6 Ra1+ 50. Kg2 a2 51. Ra3 Rb1 52. Rxa2 Ke5 1/2-1/2

[Event "BL 1819 MSA Zugzwang - SF Berlin"]
[Site "?"]
[Date "2019.03.02"]
[Round "10.2"]
[White "Kindermann, Stefan"]
[Black "Vocaturo, Daniele"]
[Result "1/2-1/2"]
[WhiteElo "2493"]
[BlackElo "2616"]
[PlyCount "56"]
[EventDate "2019.??.??"]

1. e4 c5 2. d3 Nc6 3. f4 d5 4. Be2 e6 5. Nf3 Bd6 6. O-O Nge7 7. c3 Bc7 8. e5
O-O 9. Na3 f6 10. exf6 Rxf6 11. g3 h6 12. Nc2 d4 13. Nd2 Rf8 14. Ne4 b6 15.
cxd4 Nxd4 16. Bg4 Ba6 17. Na3 Nef5 18. Nc4 Qd5 19. Re1 Rad8 20. b3 Bb7 21. Bb2
Nc6 22. Bf3 Qxd3 23. Qxd3 Rxd3 24. Bg2 Rdd8 25. Nf2 Rfe8 26. Rad1 Nfd4 27. Bxd4
cxd4 28. Rc1 Re7 1/2-1/2

[Event "BL 1819 MSA Zugzwang - SF Berlin"]
[Site "?"]
[Date "2019.03.02"]
[Round "10.3"]
[White "Moranda, Wojciech"]
[Black "Hertneck, Gerald"]
[Result "1-0"]
[WhiteElo "2595"]
[BlackElo "2491"]
[PlyCount "93"]
[EventDate "2019.??.??"]

1. d4 d5 2. c4 c6 3. Nf3 Nf6 4. Nc3 dxc4 5. a4 Bf5 6. e3 e6 7. Bxc4 Bb4 8. O-O
Nbd7 9. Nh4 Bg6 10. h3 Bh5 11. g4 Bg6 12. Nxg6 hxg6 13. Kg2 Qe7 14. a5 e5 15.
g5 Nh7 16. f4 O-O-O 17. Qf3 f5 18. gxf6 gxf6 19. a6 Nb6 20. axb7+ Kb8 21. Bb3
Qxb7 22. dxe5 fxe5 23. Ne4 exf4 24. exf4 Nd5 25. Rd1 c5 26. Nxc5 Bxc5 27. Bxd5
Qb6 28. b4 Bd4 29. Ra5 Nf6 30. Bc4 Qb7 31. Qxb7+ Kxb7 32. Be2 Bb6 33. Rg5 Rxd1
34. Bxd1 Bd4 35. Bd2 Kc6 36. Rxg6 Kd5 37. Bb3+ Ke4 38. Bc2+ Kd5 39. Bd3 Ne4 40.
Be1 Be3 41. f5 Bd4 42. h4 Nf6 43. Kf3 Rh7 44. Rg2 Bb6 45. Rd2 Bd4 46. Bb1 Rb7
47. Ba2+ 1-0

[Event "BL 1819 MSA Zugzwang - SF Berlin"]
[Site "?"]
[Date "2019.03.02"]
[Round "10.4"]
[White "Zysk, Robert"]
[Black "Tomczak, Jacek"]
[Result "1/2-1/2"]
[WhiteElo "2402"]
[BlackElo "2635"]
[PlyCount "104"]
[EventDate "2019.??.??"]

1. d4 Nf6 2. c4 g6 3. Nc3 d5 4. Nf3 Bg7 5. Bg5 Ne4 6. Bf4 Nxc3 7. bxc3 c5 8. e3
O-O 9. cxd5 cxd4 10. cxd4 Qxd5 11. Be2 Nc6 12. O-O Bf5 13. Qa4 Qa5 14. Qxa5
Nxa5 15. Rfc1 Rfc8 16. Nd2 Rxc1+ 17. Rxc1 Rc8 18. Rxc8+ Bxc8 19. Bf3 Nc6 20.
Nc4 Bd7 21. d5 Nb4 22. a3 Nc2 23. Be4 Bb5 24. d6 exd6 25. Nxd6 Nxa3 26. Bxb7
Bd7 27. Ba6 Nc2 28. Nc4 Nb4 29. Bb7 Nd3 30. Bc7 Be6 31. Na5 Bc3 32. Be4 Nc5 33.
Bc2 Bd5 34. Bd6 Ne4 35. Bc7 Nc5 36. Bd6 Nb7 37. Nxb7 Bxb7 38. Ba4 Bd5 39. f3
Bc4 40. Kf2 f5 41. Bc5 a6 42. h3 h5 43. g4 hxg4 44. hxg4 fxg4 45. fxg4 Kf7 46.
g5 Bd5 47. Bd4 Bb4 48. Bf6 Be4 49. Bb3+ Ke8 50. Ba4+ Kf8 51. Ke2 Kf7 52. Bb3+
Ke8 1/2-1/2

[Event "BL 1819 MSA Zugzwang - SF Berlin"]
[Site "?"]
[Date "2019.03.02"]
[Round "10.5"]
[White "Kraemer, Martin"]
[Black "Schramm, Christian"]
[Result "1-0"]
[WhiteElo "2586"]
[BlackElo "2361"]
[PlyCount "129"]
[EventDate "2019.??.??"]

1. d4 Nf6 2. c4 e6 3. Nf3 Bb4+ 4. Bd2 Qe7 5. g3 b6 6. Bg2 Bb7 7. O-O O-O 8. Bf4
Bd6 9. Bxd6 Qxd6 10. Nc3 Qe7 11. d5 d6 12. Nd4 e5 13. Nf5 Qd7 14. e4 g6 15. Ne3
Qe7 16. f4 Nbd7 17. Qc2 Rae8 18. Rae1 a6 19. b4 Bc8 20. Bf3 Kh8 21. Qb2 Rg8 22.
Kh1 Qf8 23. Bd1 Qg7 24. Qc2 Re7 25. Qd3 Rge8 26. f5 Rg8 27. Rf2 Nf8 28. Ref1 g5
29. g4 h6 30. h3 N8h7 31. Rh2 Nd7 32. Kg2 f6 33. Rfh1 Qf8 34. h4 Rgg7 35. Ba4
Kg8 36. Ne2 Qd8 37. Ng3 Ndf8 38. hxg5 hxg5 39. Rh6 Bd7 40. Bb3 Be8 41. c5 Qb8
42. Qxa6 bxc5 43. bxc5 Nd7 44. cxd6 cxd6 45. Rc1 Nb6 46. Rc6 Ra7 47. Qe2 Ra3
48. Rh1 Rga7 49. Rhc1 Nf8 50. Nc4 Nxc4 51. Qxc4 Kf7 52. Ne2 Ke7 53. Nc3 R3a5
54. a4 Nd7 55. Nb5 Nb6 56. Qd3 Rxa4 57. Bxa4 Rxa4 58. Rc7+ Nd7 59. R1c2 Rxe4
60. Qxe4 Qxb5 61. Ra7 Kf8 62. Qc4 Qb6 63. Ra6 Qe3 64. Re2 Qc5 65. Qxc5 1-0

[Event "BL 1819 MSA Zugzwang - SF Berlin"]
[Site "?"]
[Date "2019.03.02"]
[Round "10.6"]
[White "Gerigk, Erasmus"]
[Black "Schreiner, Peter"]
[Result "1/2-1/2"]
[WhiteElo "2343"]
[BlackElo "2471"]
[PlyCount "52"]
[EventDate "2019.??.??"]

1. e4 c5 2. c3 Nf6 3. e5 Nd5 4. Bc4 Nb6 5. Bb3 d6 6. exd6 Qxd6 7. Nf3 c4 8. Bc2
Qe6+ 9. Kf1 Qd5 10. Qe2 Qe6 11. Qxe6 Bxe6 12. Ng5 Bd5 13. Nxh7 Nc6 14. Nxf8
Rxf8 15. d4 cxd3 16. Bxd3 O-O-O 17. Be2 Rd6 18. f3 Bc4 19. Nd2 Bxe2+ 20. Kxe2
Rfd8 21. f4 e5 22. Nf3 Nd5 23. f5 g6 24. Ng5 Rf6 25. fxg6 Rxg6 26. g3 f5
1/2-1/2

[Event "BL 1819 MSA Zugzwang - SF Berlin"]
[Site "?"]
[Date "2019.03.02"]
[Round "10.7"]
[White "Baldauf, Marco"]
[Black "Hoffmeyer, Falk"]
[Result "1-0"]
[WhiteElo "2487"]
[BlackElo "2355"]
[PlyCount "43"]
[EventDate "2019.??.??"]

1. d4 d5 2. c4 e6 3. Nc3 Nf6 4. cxd5 exd5 5. Bg5 c6 6. e3 Be7 7. Bd3 Nbd7 8.
Qc2 h6 9. Bh4 Nh5 10. Bxe7 Qxe7 11. O-O-O Nb6 12. Kb1 Nf6 13. Rc1 Be6 14. Nf3
O-O-O 15. Na4 Nxa4 16. Qxa4 Kb8 17. Rc3 Bc8 18. Ra3 a6 19. Ne5 Qc7 20. Rc1 Rd6
21. Qb4 Ne4 22. Bxe4 1-0

[Event "BL 1819 BCA Augsburg - USV TU Dresden"]
[Site "?"]
[Date "2019.03.02"]
[Round "10.1"]
[White "Almasi, Zoltan"]
[Black "Kulaots, Kaido"]
[Result "1/2-1/2"]
[WhiteElo "2680"]
[BlackElo "2544"]
[PlyCount "117"]
[EventDate "2019.??.??"]

1. Nf3 Nf6 2. c4 c5 3. Nc3 d5 4. cxd5 Nxd5 5. g3 Nc6 6. Bg2 g6 7. O-O Bg7 8.
Qa4 O-O 9. Qc4 Nxc3 10. dxc3 Qb6 11. Qh4 Bd7 12. Ng5 h6 13. Nf3 g5 14. Qe4 Rad8
15. h4 g4 16. Nd2 Qb5 17. Re1 Be6 18. Nf1 c4 19. Ne3 Rd6 20. Qf4 Qe5 21. Qxe5
Bxe5 22. Nc2 h5 23. Be3 Rfd8 24. Na3 a6 25. Rab1 R8d7 26. Kf1 Kf8 27. Rec1 Bf5
28. Nxc4 Bxb1 29. Nxd6 Bxa2 30. Ne4 Bd5 31. Rd1 f5 32. Bh6+ Bg7 33. Bxg7+ Kxg7
34. c4 Be6 35. Rxd7 Bxd7 36. Nc5 Bc8 37. Bxc6 bxc6 38. e4 Kf6 39. Ke2 Ke5 40.
Ke3 fxe4 41. Nxe4 Be6 42. b3 a5 43. Nc5 Bf5 44. Nb7 Be4 45. c5 Kd5 46. Nxa5 Bg6
47. b4 e5 48. Kd2 Bf5 49. Kc3 Bd7 50. Nc4 Ke4 51. Nd2+ Kd5 52. Kd3 Bf5+ 53. Ke3
Bc2 54. f4 gxf3 55. Nxf3 Bf5 56. Nd2 Bc2 57. Nf3 Bf5 58. Ng5 Bg6 59. Nf3 {
Ke4+ Kxe4} 1/2-1/2

[Event "BL 1819 BCA Augsburg - USV TU Dresden"]
[Site "?"]
[Date "2019.03.02"]
[Round "10.2"]
[White "Laznicka, Viktor"]
[Black "Nisipeanu, Liviu-Dieter"]
[Result "1/2-1/2"]
[WhiteElo "2670"]
[BlackElo "2670"]
[PlyCount "45"]
[EventDate "2019.??.??"]

1. d4 d5 2. Nf3 Nf6 3. Bf4 c5 4. e3 Nc6 5. c3 Qb6 6. Qc2 g6 7. Nbd2 Bg7 8. h3
O-O 9. Be2 Nd7 10. O-O e5 11. dxe5 Ndxe5 12. Nxe5 Nxe5 13. e4 dxe4 14. Nxe4 Bf5
15. Bxe5 Bxe5 16. Bg4 Bxe4 17. Qxe4 Rae8 18. Qc2 Qf6 19. Rae1 h5 20. Bd1 Bb8
21. Re4 Rxe4 22. Qxe4 Qe5 23. Qxe5 1/2-1/2